The legal perspective (Record no. 102897)

MARC details
000 -LEADER
fixed length control field 00935cam a2200217 4500
001 - CONTROL NUMBER
control field J122651
008 - FIXED-LENGTH DATA ELEMENTS--GENERAL INFORMATION
fixed length control field 030618n2002 000 0 eng u
035 ## - SYSTEM CONTROL NUMBER
System control number (Sirsi) u122651
041 ## - LANGUAGE CODE
Language code of text/sound track or separate title eng
050 ## - LIBRARY OF CONGRESS CALL NUMBER
Classification number 346.410434
-- 18
100 ## - MAIN ENTRY--PERSONAL NAME
Personal name Stacey, Martin
245 #4 - TITLE STATEMENT
Title The legal perspective
Medium [videorecording]
260 ## - PUBLICATION, DISTRIBUTION, ETC.
Place of publication, distribution, etc. London
Name of publisher, distributor, etc. RICS
Date of publication, distribution, etc. 2002
490 ## - SERIES STATEMENT
Series statement RICS Multimedia Presentations
490 ## - SERIES STATEMENT
Series statement RICS Telecommunications Forum Landlords and Tenants Opposites Can Attract Series
520 ## - SUMMARY, ETC.
Summary, etc. A twelve minute video presentation giving the legal view from both a landlord and a tenant's standpoint, highlighting the issues that can make a mutually productive and profitable operator, landlord and tenant relationship. .
690 ## - LOCAL SUBJECT ADDED ENTRY--TOPICAL TERM (OCLC, RLIN)
Topical term or geographic name as entry element PROPERTY-LANDLORD AND TENANT
710 ## - ADDED ENTRY--CORPORATE NAME
Corporate name or jurisdiction name as entry element Royal Institution of Chartered Surveyors
9 (RLIN) 4900
710 ## - ADDED ENTRY--CORPORATE NAME
Corporate name or jurisdiction name as entry element Royal Institution of Chartered Surveyors
Subordinate unit Telecommunications Forum
9 (RLIN) 4469
942 ## - ADDED ENTRY ELEMENTS (KOHA)
Suppress in OPAC 0
Holdings
Withdrawn status Lost status Source of classification or shelving scheme Damaged status Not for loan Home library Current library Shelving location Date acquired Total Checkouts Full call number Barcode Date last seen Copy number Price effective from Koha item type
    Dewey Decimal Classification     Virtual Virtual Online 18/06/2003   ONLINE PUBLICATION 122651-1001 06/08/2019 1 06/08/2019 Video